Central Library OPAC University of Rajshahi

সাহিত্য-বিবেক / (Record no. 49004)

MARC details
000 -LEADER
fixed length control field 00876nam a2200241 a 4500
001 - CONTROL NUMBER
control field 49004
003 - CONTROL NUMBER IDENTIFIER
rucl marc code BD-RjUL
005 - DATE AND TIME OF LATEST TRANSACTION
control field 20211209054624.0
008 - FIXED-LENGTH DATA ELEMENTS--GENERAL INFORMATION
fixed length control field 160817s2003 ii ||||| |||| 00| 0 ben d
020 ## - INTERNATIONAL STANDARD BOOK NUMBER
International Standard Book Number 8176124575
Terms of availability : IRs.120.00
035 ## - SYSTEM CONTROL NUMBER
System control number (BD-RjUL)49123
040 ## - CATALOGING SOURCE
Original cataloging agency BD-RjUL
Language of cataloging ben
Transcribing agency BD-RjUL
Modifying agency BD-RjUL
041 ## - LANGUAGE CODE
Language code of text/sound track or separate title ben
082 ## - DEWEY DECIMAL CLASSIFICATION NUMBER
Edition number 23
Classification number 891.44
Author mark and year MUS 2003
100 1# - MAIN ENTRY--PERSONAL NAME
Personal name মুখোপাধ্যায়, বিমলকুমার
9 (RLIN) 147494
245 10 - TITLE STATEMENT
Title সাহিত্য-বিবেক /
Statement of responsibility, etc. বিমলকুমার মুখোপাধ্যায়
250 ## - EDITION STATEMENT
Edition statement ৩য় সং.
260 ## - PUBLICATION, DISTRIBUTION, ETC. (IMPRINT)
Place of publication, distribution, etc. কলিকাতা :
Name of publisher, distributor, etc. দে'জ পাবলিশিং,
Date of publication, distribution, etc. ২০০৩
300 ## - PHYSICAL DESCRIPTION
Pagination ২৬৪ পৃ. ;
Size ২০ সেমি.
650 ## - SUBJECT ADDED ENTRY--TOPICAL TERM
Topical term or geographic name as entry element বাংলা সাহিত্য
9 (RLIN) 136059
Topical term or geographic name as entry element Bengali literature
9 (RLIN) 136060
942 ## - ADDED ENTRY ELEMENTS (KOHA)
Source of classification or shelving scheme Dewey Decimal Classification
Koha item type Books
Holdings
Lost status Source of classification or shelving scheme Damaged status Not for loan Collection code Permanent Location Current Location Shelving location Date acquired Source of acquisition Cost, normal purchase price Total Checkouts Full call number Date last seen Copy number Koha item type
  Dewey Decimal Classification   Not For Loan Fiction Central Library, University of Rajshahi Central Library, University of Rajshahi Reading Room 21/11/2005 Paragon Enterprises Dhaka 120.00   B 891.44 MUS 2003 17/08/2016 C-1 Books